General theory of Lie algebras /

Guardado en:
Autor Principal: Chow, Yutze.
Formato: Libro
Idioma:English
Publicado: New York : Gordon and Breach, c1978.
Materias:
Etiquetas: Agregar Etiqueta
Sin Etiquetas, Sea el primero en etiquetar este registro!
LEADER 00679pam a2200217 a 4500
001 MAT.inmabb002605
008 771027s1978####nyu######b####000#0#eng##
005 20160106193010.0
245 1 0 |a General theory of Lie algebras /  |c Yutze Chow. 
260 |a New York :  |b Gordon and Breach,  |c c1978. 
300 |a 2 v. (xxii, 899 p.) ;  |c 24 cm. 
504 |a Bibliografía: v. 2, p. 887-889. 
510 4 |a MR,  |c 58 #16795a 
020 |a 0677038909 
100 1 |a Chow, Yutze. 
650 0 |a Lie algebras. 
084 |a 17Bxx  |2 msc2000 
010 |a  77080154  
040 |a DLC  |c DLC  |d DLC 
859 |h 17  |i C552  |p A-5026  |v 1  |3 Vol. 1  |b BIB. MATEMATICA 
859 |h 17  |i C552  |p A-5027  |v 2  |3 Vol. 2  |b BIB. MATEMATICA